000 00633nam a22001817a 4500
005 20240111073157.0
008 240111b |||||||| |||| 00| 0 eng d
020 _a9780409033656
041 _aEnglish
082 _a346.7 MAL
100 _aMalan, FR ; Pretorius, JT and Du Toit, SF
_lEnglish
245 _aMalan on Bills of Exchange, Cheques and Promissory Notes in South African /
_cFR Malan, JT Pretorius and SF Du Toit
250 _aFifth Edition
260 _aDurban :
_bLexisNexis,
_c2009
300 _bxiii, 542 pages ;
_c25 cm.
650 _aLegal practice
_bLaw
942 _cBK
_6ALISON_BN_VRIES
999 _c1228
_d1228